000
00281nam a2200121Ia 4500
008
190216s9999||||xx |||||||||||||| ||und||
100
_a
Kahan My & Jain P K
245
0
_a
Financial Managment
260
_b
Kalyani Pub
_c
1982
300
_a
711p
650
_a
Commerce
942
_c
BK
999
_c
4939
_d
4939